00958naa#a2200229#i#4500001001600000005001700016011001400033100004100047102000700088200011000095210005400205215001000259608002700269675011200296686011200408700003100520700003800551700003900589700003300628700005300661856001400714EN\\bibl\11713620260417103822.5##a2782-5957##a20260330b2026####ek#y0engy0150####ca##aRU1#aSTUDY OF THE DEPENDENCE OF THE CUTTING TEMPERATURE ON THE MODES OF FLUOROPLAST-4 TURNINGeJournal article1#aBryanskcBryansk State Technical Universityd2026##a6 с.##aJournal article2local##aТочение. Обточка. Токарная обработка. Токарные станки. 621.941##aОбщая технология машиностроения. Обработка металлов. 3452bbk#1aKisel'gAnton Gennad'evich#1aPeregoncevgVladislav Vital'evich#1aVishnevskiygAndrey Aleksandrovich#1aShvedovgAleksandr Yur'evich#1aMamedkuliev Tural Sohrab oglygTural Sohrab ogly4#azh-szf.ru